LEADER 01685nam 2200397 n 450 001 996392898903316 005 20200824121626.0 035 $a(CKB)4940000000112567 035 $a(EEBO)2240943266 035 $a(UnM)99872347e 035 $a(UnM)99872347 035 $a(EXLCZ)994940000000112567 100 $a19850525d1647 uy | 101 0 $aeng 135 $aurbn||||a|bb| 200 14$aThe authours, nature, and danger of hæresie$b[electronic resource] $eLaid open in a sermon preached before the Honorable House of Commons at Margarets Westminster, upon Wednesday the tenth of March, 1646. being set apart as a solemne day of publike humiliation to seeke Gods assistance for the suppressing and preventing of the growth and spreading of errours, heresies, and blasphemies. /$fBy Richard Vines. Printed by order of the House of Commons 210 $aLondon, $cPrinted by W. Wilson for Abel Roper, and are to be sold at his shop at the Sun over against Dunstans Church in Fleetstreet.$d1647 215 $a[4], 70, [2] p 300 $aOrder to print on verso of final leaf. 300 $aReproduction of the original in the British Library. 330 $aeebo-0018 606 $aSermons, English$y17th century 606 $aHeresy$vEarly works to 1800 606 $aFast-day sermons$y17th century 615 0$aSermons, English 615 0$aHeresy 615 0$aFast-day sermons 700 $aVines$b Richard$f1600?-1656.$01001686 801 0$bCu-RivES 801 1$bCu-RivES 801 2$bCStRLIN 801 2$bWaOLN 906 $aBOOK 912 $a996392898903316 996 $aThe authours, nature, and danger of hæresie$92357251 997 $aUNISA